Under Idioms - Statistics

General Stats
  • This quiz has been taken 58 times
  • The average score is 15 of 21
Answer Stats
Hint Under Answer % Correct
To whisper: talk under one's... breath
92%
Affected by alcohol or drugs: under the... influence
92%
Feeling sick: under the... weather
92%
To betray: throw under the... bus
90%
A prior issue that is now resolved or considered resolved: water under the... bridge
88%
Undetected: fly under the... radar
88%
To annoy: get under someone's... skin
88%
Uncertain of outcome: up in the... air
82%
To be in police custody: under... arrest
80%
Don't procrastinate: don't let the grass grow under your... feet
80%
Have surgery: go under the... knife
78%
To ignore: brush under the... rug
78%
Come under the influence someone fascinating, enchanting, or seductive: fall under someone's... spell
73%
To drink more alcohol than someone else: drink under the... table
71%
To be shot at: under... fire
65%
To get angry: get hot under the... collar
61%
To be controlled: under someone's... thumb
55%
Under close inspection or intense scrutiny: put someone under the... microscope
47%
To be protected: under someone's... wing
43%
On one's own; with no assistance from anyone: under your own... steam
24%
Coersion by threat or violence: under... duress
20%
No matching quizzes found
Score Distribution
Percent of People with Each Score
Percentile by Number Answered
Your Score History
You have not taken this quiz